[Event "RUS IPCA-ch"]
[Site "Nalchik"]
[Date "2014.05.01"]
[Round "1"]
[White "Scerbin, Dmitrij"]
[Black "Magafurov, Artur"]
[Result "1-0"]
[WhiteElo "2356"]
[BlackElo "1888"]
[PlyCount "34"]
[EventDate "2014.05.01"]
[EventType "swiss"]
[EventRounds "9"]
[EventCountry "RUS"]
[SourceTitle "CBM 160 Extra"]
[Source "ChessBase"]
[SourceDate "2014.07.01"]
[SourceVersion "1"]
[SourceVersionDate "2014.07.01"]
[SourceQuality "1"]

1. e4 e5 2. Nf3 Nc6 3. d4 exd4 4. Nxd4 Nf6 5. Nxc6 bxc6 6. e5 Qe7 7. Qe2 Nd5 8. h4 d6 9. c4 Ba6 10. Bg5 f6 11. exf6 Qxe2+ 12. Bxe2 Nxf6 13. Bxf6 gxf6 14. Bh5+ Kd7 15. Nd2 f5 16. 0-0-0 Bg7 17. b3 Bb7 1-0

[Event "Ufa-ch FL"]
[Site "Ufa"]
[Date "2012.11.26"]
[Round "8"]
[White "Vyrypaev, Evgeny"]
[Black "Magafurov, Artur"]
[Result "1-0"]
[WhiteElo "2012"]
[BlackElo "1936"]
[PlyCount "99"]
[EventDate "2012.11.19"]
[EventType "swiss"]
[EventRounds "9"]
[EventCountry "RUS"]
[SourceTitle "EXT 2023"]
[Source "ChessBase"]
[SourceDate "2022.10.05"]
[SourceVersion "1"]
[SourceVersionDate "2022.10.05"]
[SourceQuality "1"]

1. d4 f5 2. e4 fxe4 3. Nc3 d5 4. Qh5+ g6 5. Qxd5 Nf6 6. Qxd8+ Kxd8 7. f3 exf3 8. Nxf3 Bf5 9. Ne5 Ke8 10. Bc4 e6 11. 0-0 Nbd7 12. Bg5 Bd6 13. Bxe6 Bxe6 14. Bxf6 Nxf6 15. Rxf6 Ke7 16. Raf1 Rhf8 17. Rxf8 Rxf8 18. Re1 c6 19. Nd3 Kd7 20. Ne4 b6 21. Nxd6 Kxd6 22. Ne5 Rf6 23. c4 b5 24. b3 a5 25. Nxc6 bxc4 26. Nxa5 cxb3 27. Nxb3 Rf5 28. Re3 Bc4 29. Rf3 Rb5 30. Rc3 Kd5 31. Re3 Bxb3 32. Re5+ Kxd4 33. Rxb5 Bxa2 34. Kf2 Be6 35. Kg3 Ke4 36. Rb7 h5 37. Rb5 Bd7 38. Ra5 Be6 39. Kh4 Kf4 40. Ra1 Bf5 41. Rf1+ Ke5 42. Kg5 Ke4 43. h4 Ke5 44. Rxf5+ gxf5 45. Kxh5 Kf6 46. g3 f4 47. gxf4 Kf5 48. Kh6 Kf6 49. h5 Kf7 50. Kg5 1-0

[Event "Ufa-ch FL"]
[Site "Ufa"]
[Date "2012.11.21"]
[Round "3"]
[White "Iskhakov, Artur"]
[Black "Magafurov, Artur"]
[Result "1-0"]
[WhiteElo "1908"]
[BlackElo "1936"]
[PlyCount "59"]
[EventDate "2012.11.19"]
[EventType "swiss"]
[EventRounds "9"]
[EventCountry "RUS"]
[SourceTitle "EXT 2023"]
[Source "ChessBase"]
[SourceDate "2022.10.05"]
[SourceVersion "1"]
[SourceVersionDate "2022.10.05"]
[SourceQuality "1"]

1. e4 e6 2. d4 d5 3. e5 c5 4. c3 Nc6 5. Nf3 Qb6 6. a3 cxd4 7. cxd4 Nge7 8. Nc3 Nf5 9. Na4 Qc7 10. b4 h5 11. Bg5 a6 12. Rc1 Bd7 13. Bd3 Be7 14. Bxe7 Nfxe7 15. 0-0 Nf5 16. Nc3 Nfe7 17. b5 axb5 18. Nxb5 Qa5 19. Nd6+ Kf8 20. Rb1 Ra7 21. Rb3 g6 22. Nxb7 Qc7 23. Nd6 Kg7 24. Nb5 Qa5 25. Nxa7 Nxa7 26. Rb7 Ba4 27. Qc1 Nac6 28. Qg5 Re8 29. Qf6+ Kg8 30. Ng5 1-0

[Event "Ufa-ch sf2"]
[Site "Ufa"]
[Date "2012.05.27"]
[Round "7"]
[White "Melnikov, Sergey"]
[Black "Magafurov, Artur"]
[Result "1-0"]
[WhiteElo "2055"]
[BlackElo "1975"]
[PlyCount "93"]
[EventDate "2012.05.21"]
[EventType "swiss"]
[EventRounds "9"]
[EventCountry "RUS"]
[SourceTitle "EXT 2014"]
[Source "ChessBase"]
[SourceDate "2013.11.20"]
[SourceVersion "1"]
[SourceVersionDate "2013.11.20"]
[SourceQuality "1"]

1. e4 c5 2. Nf3 d6 3. Bb5+ Bd7 4. Qe2 a6 5. Bxd7+ Nxd7 6. 0-0 Ngf6 7. c3 e6 8. d4 cxd4 9. cxd4 d5 10. e5 Ne4 11. Ne1 h6 12. f3 Ng5 13. Nc3 Be7 14. Nd3 Qb6 15. Be3 f5 16. Nf4 0-0 17. Qf2 Rfe8 18. h4 Nf7 19. Qg3 Nf8 20. Nh5 g6 21. Ne2 Qd8 22. Bf2 Kh7 23. Nhf4 Qd7 24. Qh3 Rac8 25. Nc3 Bd8 26. g4 b5 27. gxf5 gxf5 28. Kh1 Nh8 29. Rg1 Nfg6 30. Nfxd5 Qf7 31. h5 Nf4 32. Nxf4 Bb6 33. Rg6 Rg8 34. Rag1 Rce8 35. Qg3 a5 36. Rxg8 Rxg8 37. Qxg8+ Qxg8 38. Rxg8 Kxg8 39. Nxe6 Kf7 40. Nf4 Bc7 41. Kg2 a4 42. Kg3 Ba5 43. d5 Ke8 44. Be3 Nf7 45. Nd3 Bd8 46. f4 Ba5 47. Bc5 1-0

[Event "Ufa-ch sf1"]
[Site "Ufa"]
[Date "2012.01.24"]
[Round "4"]
[White "Magafurov, Artur"]
[Black "Khatmullina, Dilara"]
[Result "1-0"]
[WhiteElo "1975"]
[BlackElo "1648"]
[PlyCount "73"]
[EventDate "2012.01.21"]
[EventType "swiss"]
[EventRounds "9"]
[EventCountry "RUS"]
[SourceTitle "EXT 2014"]
[Source "ChessBase"]
[SourceDate "2013.11.20"]
[SourceVersion "1"]
[SourceVersionDate "2013.11.20"]
[SourceQuality "1"]

1. d4 d5 2. c4 e6 3. Nc3 Nf6 4. Bg5 c6 5. cxd5 exd5 6. e3 Bf5 7. Bd3 Bg6 8. Qc2 Nbd7 9. Nge2 Bd6 10. 0-0 0-0 11. f4 Qc7 12. Rac1 a6 13. Ng3 Rfe8 14. Rf3 Be7 15. f5 Bh5 16. Nxh5 Ng4 17. Bf4 Qd8 18. h3 Ngf6 19. Nxf6+ Bxf6 20. Qf2 Qb6 21. g4 h6 22. Kh1 Qd8 23. Rg1 Nf8 24. Bg3 Nh7 25. h4 Rc8 26. Ne2 Kh8 27. Nf4 Rc7 28. Nh5 Rd7 29. Nxf6 gxf6 30. Bf4 Kg7 31. g5 hxg5 32. hxg5 fxg5 33. Bxg5 Nxg5 34. f6+ Kf8 35. Rxg5 Rd6 36. Rg8+ Kxg8 37. Qg3+ 1-0

[Event "Ufa Kopylov Memorial op 8th"]
[Site "Ufa"]
[Date "2011.12.22"]
[Round "6"]
[White "Magafurov, Artur"]
[Black "Karimov, Farid"]
[Result "0-1"]
[WhiteElo "1975"]
[BlackElo "2004"]
[PlyCount "100"]
[EventDate "2011.12.17"]
[EventType "swiss"]
[EventRounds "9"]
[EventCountry "RUS"]
[SourceTitle "CBM 146 Extra"]
[Source "ChessBase"]
[SourceDate "2012.02.29"]
[SourceVersion "1"]
[SourceVersionDate "2012.02.29"]
[SourceQuality "1"]

1. c4 e6 2. Nc3 f5 3. g3 Nf6 4. Bg2 c6 5. Nf3 d5 6. cxd5 exd5 7. d4 Bd6 8. 0-0 0-0 9. Bf4 Bxf4 10. gxf4 Be6 11. Qb3 Qb6 12. Qc2 Ne4 13. Rad1 Nd7 14. Rd3 Rf6 15. Nd2 Qc7 16. e3 Rh6 17. f3 Nxc3 18. Rxc3 g5 19. Rf2 gxf4 20. e4 Rf8 21. exd5 Bxd5 22. Nf1 Kh8 23. Qd2 Rg6 24. Kh1 Rfg8 25. Qc2 Rg5 26. Qd2 Qd6 27. Qe2 h5 28. h4 R5g7 29. Qd2 Nf8 30. Bh3 Ng6 31. Rg2 Nxh4 32. Rxg7 Rxg7 33. Qf2 Qg6 34. Nd2 Qg3 35. Qxg3 Rxg3 36. Kh2 Nxf3+ 37. Nxf3 Rxf3 38. Rxf3 Bxf3 39. Bxf5 Bg4 40. Be4 Kg7 41. a4 a5 42. d5 cxd5 43. Bxd5 b6 44. Kg2 Kf6 45. Kf2 Ke5 46. Bc6 Kd4 47. Bb5 Kc5 48. b3 Kb4 49. Bc4 Bd1 50. Bf7 h4 0-1

[Event "Ufa Kopylov Memorial op 8th"]
[Site "Ufa"]
[Date "2011.12.20"]
[Round "4"]
[White "Magafurov, Artur"]
[Black "Tagirov, Kajum K"]
[Result "1-0"]
[WhiteElo "1975"]
[BlackElo "1898"]
[PlyCount "83"]
[EventDate "2011.12.17"]
[EventType "swiss"]
[EventRounds "9"]
[EventCountry "RUS"]
[SourceTitle "CBM 146 Extra"]
[Source "ChessBase"]
[SourceDate "2012.02.29"]
[SourceVersion "1"]
[SourceVersionDate "2012.02.29"]
[SourceQuality "1"]

1. e4 c5 2. Nf3 d6 3. d4 cxd4 4. Nxd4 Nf6 5. Nc3 g6 6. f4 Bg7 7. e5 Ng4 8. Bb5+ Kf8 9. h3 Nh6 10. 0-0 Nf5 11. Nxf5 Bxf5 12. Be3 Nc6 13. g4 Bd7 14. exd6 e6 15. Qf3 Qa5 16. Bd3 Rb8 17. Qf2 h5 18. g5 Kg8 19. Ne4 Kh7 20. c3 Rhf8 21. Nc5 Qd8 22. Qh4 Kg8 23. Ne4 Re8 24. Nf6+ Kf8 25. b4 a6 26. a4 b5 27. axb5 axb5 28. Be4 Rc8 29. Ra6 Nb8 30. Bb6 Nxa6 31. Bxd8 Rexd8 32. Bb7 Nb8 33. Bxc8 Bxc8 34. Rd1 Nd7 35. Nxd7+ Bxd7 36. Qf2 h4 37. Qe3 Ke8 38. f5 gxf5 39. g6 Bf6 40. Qh6 Bxc3 41. Qh7 fxg6 42. Qg8# 1-0

[Event "Ufa Kopylov Memorial op 8th"]
[Site "Ufa"]
[Date "2011.12.18"]
[Round "2"]
[White "Magafurov, Artur"]
[Black "Tangatarov, Timur"]
[Result "1/2-1/2"]
[WhiteElo "1975"]
[BlackElo "2189"]
[PlyCount "55"]
[EventDate "2011.12.17"]
[EventType "swiss"]
[EventRounds "9"]
[EventCountry "RUS"]
[SourceTitle "CBM 146 Extra"]
[Source "ChessBase"]
[SourceDate "2012.02.29"]
[SourceVersion "1"]
[SourceVersionDate "2012.02.29"]
[SourceQuality "1"]

1. e4 c5 2. Nf3 d6 3. d4 cxd4 4. Nxd4 Nf6 5. Nc3 Nc6 6. Bg5 e6 7. Qd2 Be7 8. 0-0-0 a6 9. f4 Bd7 10. Nf3 h6 11. Bh4 g5 12. fxg5 Ng4 13. e5 Ngxe5 14. Ne4 Nxf3 15. gxf3 hxg5 16. Bxg5 Bxg5 17. Nxg5 Qe7 18. Ne4 d5 19. Qc3 0-0-0 20. Nc5 Kb8 21. Bxa6 bxa6 22. Qb3+ Kc7 23. Qb7+ Kd6 24. Ne4+ Ke5 25. Qc7+ Kf5 26. Rhg1 Rhg8 27. Nd6+ Kf6 28. Ne4+ 1/2-1/2

[Event "Ufa Kopylov Memorial op"]
[Site "Ufa"]
[Date "2008.12.17"]
[Round "2"]
[White "Ibragimov, Maxim"]
[Black "Magafurov, Artur"]
[Result "1-0"]
[WhiteElo "2123"]
[BlackElo "1972"]
[PlyCount "95"]
[EventDate "2008.12.16"]
[EventType "swiss"]
[EventRounds "9"]
[EventCountry "RUS"]
[SourceTitle "EXT 2010"]
[Source "ChessBase"]
[SourceDate "2010.11.25"]
[SourceVersion "1"]
[SourceVersionDate "2010.11.25"]
[SourceQuality "1"]

1. e4 e5 2. Nf3 Nc6 3. d4 exd4 4. Nxd4 Nf6 5. Bg5 Be7 6. Nf5 0-0 7. Nc3 d5 8. Nxe7+ Qxe7 9. Bxf6 Qxf6 10. Nxd5 Qxb2 11. Bd3 Be6 12. 0-0 Qe5 13. f4 Qd4+ 14. Kh1 Rad8 15. Rb1 Bxd5 16. exd5 Qxd5 17. Rxb7 Ne5 18. Rb5 Qxb5 19. Bxb5 Rxd1 20. Rxd1 Ng4 21. Kg1 Ne3 22. Rd7 Nxc2 23. Rxc7 Nd4 24. Bc4 a5 25. Ra7 h6 26. Rxa5 Rc8 27. Ra4 Nf5 28. Kf2 Nd6 29. Bb3 Kf8 30. Ra7 Re8 31. Bd5 g5 32. Ra8 Rxa8 33. Bxa8 Ke7 34. fxg5 hxg5 35. g3 g4 36. Ke3 f5 37. a4 Kf6 38. Kd4 Nf7 39. a5 Nd6 40. Kc5 Ke5 41. a6 Ne8 42. Bc6 Nc7 43. a7 Ke6 44. Kd4 Kd6 45. a8Q Nxa8 46. Bxa8 Ke6 47. Ke3 Ke5 48. Bb7 1-0

[Event "Ufa Dautov Memorial op"]
[Site "Ufa"]
[Date "2008.04.22"]
[Round "9"]
[White "Magafurov, Artur"]
[Black "Selegenenko, Vladimir"]
[Result "1-0"]
[WhiteElo "1959"]
[BlackElo "2161"]
[PlyCount "89"]
[EventDate "2008.04.14"]
[EventType "swiss"]
[EventRounds "9"]
[EventCountry "RUS"]
[SourceTitle "EXT 2022"]
[Source "ChessBase"]
[SourceDate "2021.10.06"]
[SourceVersion "1"]
[SourceVersionDate "2021.10.06"]
[SourceQuality "1"]

1. e4 e5 2. Nf3 Nc6 3. Bb5 a6 4. Ba4 Nf6 5. 0-0 Be7 6. Re1 0-0 7. Bxc6 dxc6 8. h3 Nd7 9. d3 Bf6 10. Nbd2 Nc5 11. b3 Re8 12. Bb2 b5 13. a4 Bb7 14. axb5 cxb5 15. Nf1 g6 16. Qd2 Bg7 17. Ng3 Qc8 18. Ba3 Ne6 19. Bb2 Nf4 20. d4 f6 21. d5 Bf8 22. c4 b4 23. Qe3 c6 24. Rec1 a5 25. Kh2 c5 26. Rd1 Bd6 27. Re1 Qd7 28. Ra4 Bc8 29. Ng1 Qd8 30. Rea1 Bc7 31. Qf3 Bd7 32. R4a2 Bd6 33. N1e2 f5 34. Bc1 Qc7 35. Bb2 Nxe2 36. Qxe2 f4 37. Nf1 Rf8 38. Qf3 Rf7 39. Kg1 Raf8 40. Nh2 h5 41. g4 Be8 42. Kg2 Qd8 43. Kh1 Be7 44. Rg1 Kh7 45. Qg2 1-0

[Event "Ufa Dautov Memorial op"]
[Site "Ufa"]
[Date "2008.04.18"]
[Round "5"]
[White "Darmin, Dmitry"]
[Black "Magafurov, Artur"]
[Result "1-0"]
[WhiteElo "2364"]
[BlackElo "1959"]
[PlyCount "87"]
[EventDate "2008.04.14"]
[EventType "swiss"]
[EventRounds "9"]
[EventCountry "RUS"]
[SourceTitle "EXT 2022"]
[Source "ChessBase"]
[SourceDate "2021.10.06"]
[SourceVersion "1"]
[SourceVersionDate "2021.10.06"]
[SourceQuality "1"]

1. e4 e5 2. Nf3 Nc6 3. d4 exd4 4. c3 d3 5. Bxd3 d6 6. Bc4 Be6 7. Bxe6 fxe6 8. Qb3 Qd7 9. Qxb7 Rb8 10. Qa6 Nf6 11. Qe2 Be7 12. e5 dxe5 13. Nxe5 Nxe5 14. Qxe5 Rb5 15. Qe2 0-0 16. 0-0 Bd6 17. Nd2 Re5 18. Qc4 Rc5 19. Qe2 Re5 20. Qd1 Rd5 21. c4 Rf5 22. h3 Rd8 23. Qb3 c6 24. Nf3 Rb8 25. Qc2 c5 26. Rd1 Qc6 27. b3 Rf8 28. Bb2 Ne4 29. Re1 Ng5 30. Nxg5 Rxg5 31. Qe4 Qc7 32. Qxe6+ Kh8 33. Rad1 Rg6 34. Qe4 Qf7 35. Re2 Qd7 36. Rd5 Qc7 37. Rf5 Qd7 38. Rxf8+ Bxf8 39. Qe8 Qf5 40. Qe5 Qb1+ 41. Re1 Qd3 42. Qf4 h6 43. Qxf8+ Kh7 44. Re8 1-0

[Event "Ufa Kopylov Memorial op"]
[Site "Ufa"]
[Date "2007.12.11"]
[Round "5.9"]
[White "Idrisova, Roza"]
[Black "Magafurov, Artur"]
[Result "1/2-1/2"]
[WhiteElo "2100"]
[BlackElo "1948"]
[PlyCount "70"]
[EventDate "2007.12.05"]
[EventType "swiss"]
[EventRounds "9"]
[EventCountry "RUS"]
[SourceTitle "EXT 2022"]
[Source "ChessBase"]
[SourceDate "2021.10.06"]
[SourceVersion "1"]
[SourceVersionDate "2021.10.06"]
[SourceQuality "1"]

1. d4 d5 2. c4 c6 3. Nf3 Nf6 4. Nc3 e6 5. Bg5 h6 6. Bh4 dxc4 7. e4 g5 8. Bg3 b5 9. Be2 Nbd7 10. d5 b4 11. dxe6 bxc3 12. exd7+ Qxd7 13. bxc3 Nxe4 14. Qc2 Qf5 15. Nd4 Qg6 16. Be5 Rg8 17. Bxc4 Bd6 18. Bxd6 Nxd6 19. Bd3 Qf6 20. 0-0 Bb7 21. Rfe1+ Kf8 22. Nb3 Rd8 23. Nc5 Bc8 24. Rad1 Kg7 25. h3 Rge8 26. Ne4 Nxe4 27. Bxe4 c5 28. Re3 Rxd1+ 29. Qxd1 Bf5 30. Bxf5 Rxe3 31. fxe3 Qxf5 32. Qd6 h5 33. Qe7 g4 34. e4 Qf4 35. Qxc5 Qc1+ 1/2-1/2

[Event "Perm op 07-A"]
[Site "Perm"]
[Date "2007.06.28"]
[Round "2"]
[White "Goldshtein, Grigory"]
[Black "Magafurov, Artur"]
[Result "1-0"]
[WhiteElo "2037"]
[BlackElo "2079"]
[PlyCount "63"]
[EventDate "2007.06.27"]
[EventType "swiss"]
[EventRounds "8"]
[EventCountry "RUS"]
[SourceTitle "EXT 2022"]
[Source "ChessBase"]
[SourceDate "2021.10.06"]
[SourceVersion "1"]
[SourceVersionDate "2021.10.06"]
[SourceQuality "1"]

1. e4 c5 2. Nf3 Nc6 3. d4 cxd4 4. Nxd4 Qb6 5. Nb3 Nf6 6. Bd3 e6 7. 0-0 d6 8. N1d2 Qc7 9. Nf3 Be7 10. h3 a6 11. Bf4 0-0 12. Re1 b5 13. Qd2 Bb7 14. a4 b4 15. Rad1 Rfd8 16. Nc5 Ne5 17. Bxe5 Qxc5 18. Bd4 Qa5 19. Qe3 Qxa4 20. Ng5 e5 21. Bb6 Rd7 22. f4 exf4 23. Qxf4 Qc6 24. Bd4 h6 25. Nf3 Rad8 26. g4 d5 27. e5 Ne4 28. Nd2 Nxd2 29. Rxd2 Bf8 30. g5 hxg5 31. Qxg5 g6 32. e6 1-0

[Event "Ufa Dautov Memorial op"]
[Site "Ufa"]
[Date "2007.02.06"]
[Round "4"]
[White "Magafurov, Artur"]
[Black "Dubov, Danil"]
[Result "0-1"]
[WhiteElo "1932"]
[BlackElo "2110"]
[PlyCount "52"]
[EventDate "2007.02.03"]
[EventType "swiss"]
[EventRounds "9"]
[EventCountry "RUS"]
[SourceTitle "EXT 2010"]
[Source "ChessBase"]
[SourceDate "2010.11.25"]
[SourceVersion "1"]
[SourceVersionDate "2010.11.25"]
[SourceQuality "1"]

1. d4 Nf6 2. Nf3 g6 3. c4 Bg7 4. Nc3 0-0 5. e4 d6 6. Be2 Nbd7 7. 0-0 e5 8. Re1 exd4 9. Nxd4 Re8 10. Qc2 Nc5 11. Bg5 h6 12. Bxf6 Qxf6 13. Rad1 c6 14. Bf3 a5 15. Qd2 a4 16. Nc2 a3 17. Nxa3 Rxa3 18. bxa3 Qxc3 19. Qxd6 Qe5 20. Qd2 Be6 21. Qb4 Ra8 22. Qb6 Rxa3 23. Qd8+ Kh7 24. Qe7 Bxc4 25. Qd8 Qg5 26. Qd6 Rxf3 0-1

[Event "Ufa Dautov Memorial op"]
[Site "Ufa"]
[Date "2007.02.04"]
[Round "2"]
[White "Kutlyarov, Aleksandr"]
[Black "Magafurov, Artur"]
[Result "1/2-1/2"]
[WhiteElo "2132"]
[BlackElo "1932"]
[PlyCount "98"]
[EventDate "2007.02.03"]
[EventType "swiss"]
[EventRounds "9"]
[EventCountry "RUS"]
[SourceTitle "EXT 2010"]
[Source "ChessBase"]
[SourceDate "2010.11.25"]
[SourceVersion "1"]
[SourceVersionDate "2010.11.25"]
[SourceQuality "1"]

1. Nf3 Nf6 2. c4 c5 3. Nc3 b6 4. g3 Bb7 5. Bg2 e6 6. 0-0 Be7 7. e3 d6 8. d4 Nbd7 9. Re1 0-0 10. e4 cxd4 11. Nxd4 a6 12. e5 dxe5 13. Nxe6 fxe6 14. Bxb7 Ra7 15. Bg2 Qc7 16. Qe2 Bc5 17. Nd1 Bd4 18. Be3 Re8 19. Rc1 a5 20. Qd2 Qd6 21. h3 Nc5 22. Nc3 Qd8 23. Qc2 Qc8 24. b3 Rd7 25. Ne4 Rf8 26. Nxc5 Qxc5 27. Bxd4 Rxd4 28. Re2 Rfd8 29. Rce1 e4 30. Qc1 Rd3 31. Kh2 e5 32. Qg5 Qd4 33. Qf5 Rf8 34. Kh1 Rd1 35. Kh2 Rxe1 36. Rxe1 Qd2 37. Rf1 e3 38. Qe6+ Kh8 39. fxe3 Qxe3 40. Rf3 Qd4 41. Rf1 e4 42. Bxe4 Qe3 43. Rf4 Qe2+ 44. Kg1 Qe1+ 45. Kg2 Rd8 46. Bd5 Qd2+ 47. Rf2 Qd4 48. Qe7 Rc8 49. Be6 Rd8 1/2-1/2

[Event "Ufa Dautov Memorial op"]
[Site "Ufa"]
[Date "2007.02.03"]
[Round "1"]
[White "Magafurov, Artur"]
[Black "Aplaev, Yuriy"]
[Result "1/2-1/2"]
[WhiteElo "1932"]
[BlackElo "2342"]
[PlyCount "110"]
[EventDate "2007.02.03"]
[EventType "swiss"]
[EventRounds "9"]
[EventCountry "RUS"]
[SourceTitle "EXT 2010"]
[Source "ChessBase"]
[SourceDate "2010.11.25"]
[SourceVersion "1"]
[SourceVersionDate "2010.11.25"]
[SourceQuality "1"]

1. Nf3 c5 2. c4 Nc6 3. Nc3 g6 4. d4 cxd4 5. Nxd4 Bg7 6. Nxc6 bxc6 7. e4 d6 8. Be2 Nf6 9. Be3 0-0 10. 0-0 Be6 11. Qd2 Qc7 12. Rac1 Qb7 13. Rfd1 Rfd8 14. f4 Bg4 15. h3 Bxe2 16. Qxe2 Nd7 17. Rd2 Qb4 18. Nd1 a5 19. Nf2 a4 20. Bd4 Bxd4 21. Rxd4 Nc5 22. Rcd1 Rdb8 23. R4d2 a3 24. b3 Qc3 25. e5 dxe5 26. fxe5 Qg3 27. Rd4 h5 28. Nd3 Ne6 29. Rd7 Kf8 30. Rf1 Ke8 31. Qd2 Rd8 32. Rf3 Qh4 33. Rxd8+ Rxd8 34. Qh6 Rd4 35. Qh7 Ng5 36. Qg8+ Kd7 37. Re3 Kc7 38. Qa8 Ne6 39. Qxa3 Qg5 40. Qa7+ Kd8 41. Rf3 Qd2 42. Qb8+ Kd7 43. Qb7+ Kd8 44. Nb4 Qe1+ 45. Rf1 Qe3+ 46. Kh1 Ke8 47. Qxc6+ Rd7 48. Rd1 Nd4 49. Qa8+ Rd8 50. Qa4+ Kf8 51. Nc2 Qe2 52. Rxd4 Rxd4 53. Nxd4 Qf1+ 54. Kh2 Qf4+ 55. Kh1 Qf1+ 1/2-1/2

[Event "Ufa Cup 01"]
[Site "Ufa"]
[Date "2007.01.19"]
[Round "5"]
[White "Magafurov, Artur"]
[Black "Imashev, Ildar"]
[Result "0-1"]
[WhiteElo "1932"]
[BlackElo "2265"]
[PlyCount "66"]
[EventDate "2007.01.15"]
[EventType "swiss"]
[EventRounds "9"]
[EventCountry "RUS"]
[SourceTitle "EXT 2008"]
[Source "ChessBase"]
[SourceDate "2007.11.25"]
[SourceVersion "1"]
[SourceVersionDate "2007.11.25"]
[SourceQuality "1"]

1. d4 f5 2. c4 e6 3. g3 Nf6 4. Bg2 c6 5. Nf3 d5 6. 0-0 Bd6 7. b3 Qe7 8. Bb2 b6 9. Nc3 Bb7 10. cxd5 exd5 11. Rc1 Nbd7 12. Qd3 Ne4 13. Nd2 0-0 14. Ndxe4 fxe4 15. Qd2 Nf6 16. h3 Bc8 17. Qe3 Bd7 18. Na4 Rae8 19. Rc2 Qf7 20. Bc1 h6 21. f3 exf3 22. Qxf3 Qg6 23. Rc3 Ne4 24. Bf4 Nxc3 25. Nxc3 Kh8 26. e4 Bxf4 27. gxf4 dxe4 28. Nxe4 Bxh3 29. Qxh3 Rxe4 30. Qd3 Rfe8 31. d5 cxd5 32. Qxd5 Qg3 33. Qc6 Re1 0-1